|
|
|
|
| LEADER |
01720nam a2200445 a 4500 |
| 001 |
000708874 |
| 003 |
CZ BrMZK |
| 005 |
20090619150915.0 |
| 007 |
ta |
| 008 |
040318s2004 xr e 000 0 cze d |
| 015 |
|
|
|a cnb001299937
|
| 020 |
|
|
|a 80-7178-824-4
|q (brož.) :
|c Kč 198,00
|
| 035 |
|
|
|a (OCoLC)56860353
|
| 040 |
|
|
|a ABA001
|b cze
|d BOA001
|
| 041 |
1 |
|
|a cze
|h eng
|
| 072 |
|
7 |
|a 316.4/.7
|x Sociální interakce
|2 Konspekt
|9 18
|
| 080 |
|
|
|a 17.024.4
|2 MRF
|
| 080 |
|
|
|a 316.752
|2 MRF
|
| 080 |
|
|
|a 316.628
|2 MRF
|
| 080 |
|
|
|a 159.923.5
|2 MRF
|
| 080 |
|
|
|a (0.062)
|2 MRF
|
| 100 |
1 |
|
|a Urban, Hal,
|d 1940-
|7 mzk2004221713
|4 aut
|
| 245 |
1 |
0 |
|a To nejdůležitější v životě /
|c Hal Urban ; [z anglického originálu ... přeložila Hana Petráková]
|
| 250 |
|
|
|a Vyd. 1.
|
| 260 |
|
|
|a Praha :
|b Portál,
|c 2004
|
| 300 |
|
|
|a 152 s. ;
|c 20 cm
|
| 504 |
|
|
|a Obsahuje bibliografii
|
| 500 |
|
|
|a Dostupné též v digitální podobě v aplikaci Kramerius
|
| 650 |
0 |
7 |
|a úspěch
|7 ph128351
|2 czenas
|
| 650 |
0 |
7 |
|a hodnotová orientace
|7 ph117202
|2 czenas
|
| 650 |
0 |
7 |
|a seberealizace
|7 ph125451
|2 czenas
|
| 650 |
0 |
7 |
|a sebezdokonalování
|7 ph116118
|2 czenas
|
| 650 |
0 |
7 |
|a sebevýchova
|7 ph125456
|2 czenas
|
| 655 |
|
7 |
|a populárně-naučné publikace
|7 fd131864
|2 czenas
|
| 765 |
0 |
|
|t Life's greatest lessons
|9 Česky
|
| 856 |
4 |
1 |
|u http://www.digitalniknihovna.cz/mzk/uuid/uuid:5fa557d0-2494-11e6-8803-005056827e51
|y Digitalizovaný dokument
|x NDK
|
| 910 |
|
|
|a BOA001
|b 2-1133.335
|
| 990 |
|
|
|a BK
|
| 996 |
6 |
|
|b 2610216652
|c 2-1133.335
|l MZK
|r Sklad / do 1 hodiny
|n 1
|p p.v.
|w 000708874
|u 000010
|a 1
|e BOA001
|j MZK50
|s P
|
| 996 |
7 |
|
|b 2610218458
|c 2-1133.335
|l Vol.výběr
|r VV 0p
|n 52
|p kup
|h 316.4/.7 URB
|w 000708874
|u 000020
|a 0
|e BOA001
|j MZK50
|s A
|